000
00297nam a22001337a 4500
008
171228b xxu||||| |||| 00| 0 eng d
020
_a
9781457638930
041
_a
eng
080
_a
070
100
_a
39
101
_a
MDK
245
_a
EVERYTHING'S AN ARGUMENT
_c
LUNSFORD, A.A
942
_2
udc
_c
BK
999
_c
39559
_d
39559